Statystyki dla Wszystkie państwa świata z polskimi znakami!

Kliknij tutaj aby rozwiązać quiz!

Ogólne statystyki

  • Ten quiz został rozwiązany 994 razy
  • Średni wynik to 17 z 25

Statystyki odpowiedzi

KontynentKraj% Poprawnych
EuropaŁotwa
89%
EuropaBiałoruś
83%
EuropaSłowacja
82%
EuropaWłochy
82%
EuropaSłowenia
81%
EuropaBośnia i Hercegowina
78%
EuropaBułgaria
76%
EuropaWęgry
74%
EuropaMołdawia
73%
AzjaKorea północna
72%
AzjaAzerbejdżan
70%
EuropaCzarnogóra
70%
AzjaKorea południowa
70%
AfrykaPołudniowa Afryka
69%
AfrykaRepublika środkowoafrykańska
62%
AzjaTadżykistan
62%
Australia i OceaniaFidżi
60%
EuropaMacedonia północna
59%
AfrykaWybrzeże kości słoniowej
59%
AfrykaDżibuti
58%
AfrykaSudan południowy
54%
AzjaKambodża
53%
AfrykaGwinea równikowa
49%
AfrykaRepublika zielonego przylądka
44%
AfrykaWyspy Świętego Tomasza i Książęca
43%

Rozkład punktacji

Percentyl według liczby udzielonych odpowiedzi

Procent ludzi z każdym wynikiem

Twoja historia wyników

Nie rozwiązałeś tego quizu